<?xml version="1.0" encoding="UTF-8"?>
<record
    xmlns:xsi="http://www.w3.org/2001/XMLSchema-instance"
    xsi:schemaLocation="http://www.loc.gov/MARC21/slim http://www.loc.gov/standards/marcxml/schema/MARC21slim.xsd"
    xmlns="http://www.loc.gov/MARC21/slim">

  <leader>00821nam a22001337a 4500</leader>
  <datafield tag="040" ind1=" " ind2=" ">
    <subfield code="c">RUA</subfield>
  </datafield>
  <datafield tag="082" ind1=" " ind2=" ">
    <subfield code="a">RUB NHE 2018 B662 Or.1</subfield>
  </datafield>
  <datafield tag="100" ind1=" " ind2=" ">
    <subfield code="a">NHEL PHIRUN &#x1789;&#x17BB;&#x17B7;&#x179B; &#x1797;&#x17B8;&#x179A;&#x17BB;&#x1793;</subfield>
  </datafield>
  <datafield tag="245" ind1=" " ind2=" ">
    <subfield code="a">effects of rrimflow stimulation system on yield and tpd disease on clones gt 1, pr 107 and pb 255 at sopheak nika investment group co., ltd &#x17A5;&#x1791;&#x17D2;&#x1792;&#x1796;&#x179B;&#x1793;&#x17C3;&#x1794;&#x17D2;&#x179A;&#x1796;&#x1793;&#x17D2;&#x1792;&#x179A;&#x17C6;&#x1789;&#x17C1;&#x1785;&#x1780;&#x1798;&#x17D2;&#x1798; RRIMflow &#x179B;&#x17BE;&#x1791;&#x17B7;&#x1793;&#x17D2;&#x1793;&#x1795;&#x179B;&#x1793;&#x17B7;&#x1784;&#x1787;&#x17C6;&#x1784;&#x17BA;&#x179F;&#x17D2;&#x1784;&#x17BD;&#x178F;&#x1785;&#x17C0;&#x179A;&#x1793;&#x17C3;&#x1780;&#x17D2;&#x179B;&#x17BC;&#x1793;&#x1780;&#x17C5;&#x179F;&#x17CA;&#x17BC; GT1, PR107 &#x1793;&#x17B7;&#x1784;PB 255 &#x1793;&#x17C5;&#x1780;&#x17D2;&#x179A;&#x17BB;&#x1798;&#x17A0;&#x17A0;&#x17CA;&#x17BB;&#x1793; &#x179F;&#x17BB;&#x1797;&#x1780;&#x17D2;&#x178F;&#x17B7;&#x200B;&#x1793;&#x17B8;&#x1780;&#x17B6;&#x179A; &#x17A2;&#x17BB;&#x17B7;&#x1793;&#x179C;&#x17C1;&#x179F;&#x1798;&#x17C1;&#x1793; &#x1782;&#x17D2;&#x179A;&#x17BB;&#x1794;&#x1781;&#x17BC; &#x17A2;&#x17B7;&#x179B;&#x1792;&#x17B8;&#x178C;&#x17B8;</subfield>
  </datafield>
  <datafield tag="260" ind1=" " ind2=" ">
    <subfield code="a">RUA</subfield>
    <subfield code="b">Phnom penh</subfield>
    <subfield code="c">2018</subfield>
  </datafield>
  <datafield tag="300" ind1=" " ind2=" ">
    <subfield code="a">xiii;65p</subfield>
    <subfield code="b">ill;</subfield>
    <subfield code="c">29cm</subfield>
  </datafield>
  <datafield tag="856" ind1=" " ind2=" ">
    <subfield code="u"> NHEL PHIRUN</subfield>
  </datafield>
  <datafield tag="942" ind1=" " ind2=" ">
    <subfield code="c">RUB</subfield>
  </datafield>
  <datafield tag="999" ind1=" " ind2=" ">
    <subfield code="c">19167</subfield>
    <subfield code="d">19167</subfield>
  </datafield>
  <datafield tag="952" ind1=" " ind2=" ">
    <subfield code="0">0</subfield>
    <subfield code="1">0</subfield>
    <subfield code="2">ddc</subfield>
    <subfield code="4">0</subfield>
    <subfield code="6">RUB_NHE_2018_000000000000000_B662_OR_1</subfield>
    <subfield code="7">0</subfield>
    <subfield code="9">84195</subfield>
    <subfield code="a">LBB</subfield>
    <subfield code="b">LBB</subfield>
    <subfield code="c">B622</subfield>
    <subfield code="d">2020-04-28</subfield>
    <subfield code="o">RUB NHE 2018 B662 Or.1</subfield>
    <subfield code="p">A43270</subfield>
    <subfield code="r">2020-04-28</subfield>
    <subfield code="w">2020-04-28</subfield>
    <subfield code="y">RUB</subfield>
  </datafield>
  <datafield tag="952" ind1=" " ind2=" ">
    <subfield code="0">0</subfield>
    <subfield code="1">0</subfield>
    <subfield code="2">ddc</subfield>
    <subfield code="4">0</subfield>
    <subfield code="6">RUB_NHE_2018_000000000000000_B662_OR_2</subfield>
    <subfield code="7">0</subfield>
    <subfield code="9">84196</subfield>
    <subfield code="a">LBB</subfield>
    <subfield code="b">LBB</subfield>
    <subfield code="c">B622</subfield>
    <subfield code="d">2020-04-28</subfield>
    <subfield code="o">RUB NHE 2018 B662 Or.2</subfield>
    <subfield code="p">A063888</subfield>
    <subfield code="r">2020-04-28</subfield>
    <subfield code="w">2020-04-28</subfield>
    <subfield code="y">RUB</subfield>
  </datafield>
  <datafield tag="952" ind1=" " ind2=" ">
    <subfield code="0">0</subfield>
    <subfield code="1">0</subfield>
    <subfield code="2">ddc</subfield>
    <subfield code="4">0</subfield>
    <subfield code="6">RUB_NHE_2018_000000000000000_B662_OR_3</subfield>
    <subfield code="7">0</subfield>
    <subfield code="9">84197</subfield>
    <subfield code="a">LBB</subfield>
    <subfield code="b">LBB</subfield>
    <subfield code="c">B622</subfield>
    <subfield code="d">2020-04-28</subfield>
    <subfield code="o">RUB NHE 2018 B662 Or.3</subfield>
    <subfield code="p">A43235</subfield>
    <subfield code="r">2020-04-28</subfield>
    <subfield code="w">2020-04-28</subfield>
    <subfield code="y">RUB</subfield>
  </datafield>
  <datafield tag="952" ind1=" " ind2=" ">
    <subfield code="0">0</subfield>
    <subfield code="1">0</subfield>
    <subfield code="2">ddc</subfield>
    <subfield code="4">0</subfield>
    <subfield code="6">RUB_NHE_2018_000000000000000_B662_OR_4</subfield>
    <subfield code="7">0</subfield>
    <subfield code="9">84198</subfield>
    <subfield code="a">LBB</subfield>
    <subfield code="b">LBB</subfield>
    <subfield code="c">B622</subfield>
    <subfield code="d">2020-04-28</subfield>
    <subfield code="o">RUB NHE 2018 B662 Or.4</subfield>
    <subfield code="p">A063696</subfield>
    <subfield code="r">2020-04-28</subfield>
    <subfield code="w">2020-04-28</subfield>
    <subfield code="y">RUB</subfield>
  </datafield>
  <datafield tag="952" ind1=" " ind2=" ">
    <subfield code="0">0</subfield>
    <subfield code="1">0</subfield>
    <subfield code="2">ddc</subfield>
    <subfield code="4">0</subfield>
    <subfield code="6">RUB_NHE_2018_000000000000000_B662_OR_5</subfield>
    <subfield code="7">0</subfield>
    <subfield code="9">84199</subfield>
    <subfield code="a">LBB</subfield>
    <subfield code="b">LBB</subfield>
    <subfield code="c">B622</subfield>
    <subfield code="d">2020-04-28</subfield>
    <subfield code="o">RUB NHE 2018 B662 Or.5</subfield>
    <subfield code="p">A43120</subfield>
    <subfield code="r">2020-04-28</subfield>
    <subfield code="w">2020-04-28</subfield>
    <subfield code="y">RUB</subfield>
  </datafield>
  <datafield tag="952" ind1=" " ind2=" ">
    <subfield code="0">0</subfield>
    <subfield code="1">0</subfield>
    <subfield code="2">ddc</subfield>
    <subfield code="4">0</subfield>
    <subfield code="6">RUB_NHE_2018_000000000000000_B662_OR_6</subfield>
    <subfield code="7">0</subfield>
    <subfield code="9">84200</subfield>
    <subfield code="a">LBB</subfield>
    <subfield code="b">LBB</subfield>
    <subfield code="c">B622</subfield>
    <subfield code="d">2020-04-28</subfield>
    <subfield code="o">RUB NHE 2018 B662 Or.6</subfield>
    <subfield code="p">A063790</subfield>
    <subfield code="r">2020-04-28</subfield>
    <subfield code="w">2020-04-28</subfield>
    <subfield code="y">RUB</subfield>
  </datafield>
</record>
